|
|
|
|
| LEADER |
00000nac a2200000 4500 |
| 001 |
5502 |
| 003 |
Ucuenca |
| 005 |
20231129062710.0 |
| 008 |
000000|1879 sp |||||r|||||||||||spa|| |
| 040 |
|
|
|b spa
|
| 041 |
0 |
|
|a spa
|
| 082 |
0 |
|
|a 549
|
| 100 |
1 |
|
|a Monlau, José
|9 13422
|
| 245 |
|
|
|a Compendio de historia natural. Botánica
|c José Monlau
|h imp
|n tomo 2
|
| 250 |
|
|
|a 2a ed.,
|b revisada y corregida
|
| 264 |
|
|
|a Barcelona
|b Librería de Antonio J. Bastinos, Editores
|c 1879
|
| 300 |
|
|
|a 621 páginas:
|b ilu
|c 19 cm
|
| 490 |
|
|
|a Biblioteca Económica del Maestro de Primera Enseñanza
|
| 504 |
|
|
|a incl. ref.
|
| 650 |
|
|
|a Plantas
|9 1205
|
| 650 |
|
0 |
|a Historia natural
|9 13145
|
| 650 |
|
7 |
|a Botánica
|9 4506
|
| 852 |
|
|
|a UC-CDJBV
|f Compra
|l 1
|m Limitada
|p 00000000
|q 6,00
|t 5502
|b 1
|d CDRC
|e CDRC
|g 549 ESTANTERIA CERRADA
|z 0000-00-00
|
| 942 |
|
|
|c CR
|
| 999 |
|
|
|c 42249
|d 42249
|